[Event "FIDE Grand Swiss 2019"]
[Site "Douglas"]
[Date "11.10.2019"]
[Round "2.29"]
[White "Inarkiev, Ernesto"]
[Black "Vovk, Andriy"]
[Result "0-1"]
[WhiteTitle "GM"]
[BlackTitle "GM"]
[WhiteElo "2693"]
[BlackElo "2618"]
[WhiteFideId "4162722"]
[BlackFideId "14114470"]
[EventDate "2019.10.10"]

1. d4 Nf6 2. c4 e6 3. Nf3 b6 4. g3 Bb7 5. Bg2 Be7 6. Nc3 Ne4 7. Bd2 O-O 8. d5
Nxd2 9. Qxd2 a5 10. O-O Na6 11. e4 Nc5 12. Rfe1 d6 13. e5 dxe5 14. Nxe5 f6 15.
Ng4 e5 16. f4 exf4 17. gxf4 Bd6 18. f5 Qd7 19. Qc2 Rae8 20. Re6 Nxe6 21. fxe6
Qe7 22. Ne4 f5 23. Nxd6 Qxd6 24. Nf2 Rf6 25. Re1 Qf4 26. Qc3 Rg6 27. Re3 c6 28.
Qe5 Qxe5 29. Rxe5 cxd5 30. cxd5 Rxg2+ 31. Kxg2 Rxe6 32. Rxf5 Rd6 33. Re5 Bxd5+
34. Kg3 Bxa2 35. Re8+ Kf7 36. Rb8 Bd5 37. Nd3 g5 38. h4 gxh4+ 39. Kxh4 Kf6 40.
Kg3 Kf5 41. Re8 Bc4 42. Nf2 Rg6+ 43. Kh4 Re6 44. Rc8 b5 45. Ng4 a4 46. Kg3 Rg6
47. Rf8+ Ke4 48. Kh4 Be6 49. Nf2+ Kd4 50. Nd1 Kc4 51. Nc3 Rg4+ 52. Kh5 Rd4 53.
Kh6 Bd7 54. Ra8 Kb3 55. Rd8 b4 56. Ne2 Rd6+ 0-1

[Event "FIDE Grand Swiss 2019"]
[Site "Douglas"]
[Date "11.10.2019"]
[Round "2.30"]
[White "Erdos, Viktor"]
[Black "Grandelius, Nils"]
[Result "1/2-1/2"]
[WhiteTitle "GM"]
[BlackTitle "GM"]
[WhiteElo "2604"]
[BlackElo "2691"]
[WhiteFideId "719978"]
[BlackFideId "1710400"]
[EventDate "2019.10.10"]

1. d4 Nf6 2. c4 g6 3. Nc3 d5 4. Bf4 Bg7 5. e3 c5 6. dxc5 Qa5 7. Rc1 dxc4 8. Bxc4
O-O 9. Nf3 Nbd7 10. O-O Nxc5 11. Qe2 Be6 12. a3 Bxc4 13. Qxc4 Ne6 14. Be5 Rac8
15. Qa2 Ng5 16. Nxg5 Qxe5 17. Nf3 Qc7 18. h3 Qb6 19. Na4 Qb5 20. Nc3 Qb6 21. Na4
Qb5 22. Nc3 Qa6 23. Qb3 Rfd8 24. Rfd1 e6 25. Rxd8+ Rxd8 26. Rd1 Rc8 27. Nd4 Ne8
28. Ne4 Rd8 29. Nc3 Rc8 30. Ne4 Rd8 31. Nc3 1/2-1/2

[Event "FIDE Grand Swiss 2019"]
[Site "Douglas"]
[Date "11.10.2019"]
[Round "2.32"]
[White "Gelfand, Boris"]
[Black "Nihal, Sarin"]
[Result "1-0"]
[WhiteTitle "GM"]
[BlackTitle "GM"]
[WhiteElo "2686"]
[BlackElo "2610"]
[WhiteFideId "2805677"]
[BlackFideId "25092340"]
[EventDate "2019.10.10"]

1. Nf3 d5 2. d4 Nf6 3. c4 e6 4. g3 dxc4 5. Bg2 c5 6. O-O Nc6 7. Qa4 Bd7 8. dxc5
Bxc5 9. Qxc4 Be7 10. Nc3 O-O 11. e4 Qa5 12. Rd1 Rfd8 13. Qe2 Ng4 14. Nd2 Nge5
15. Nb3 Qb4 16. Bd2 Qc4 17. Bf1 Qxe2 18. Bxe2 Be8 19. Be3 f5 20. Nc5 Bxc5 21.
Bxc5 b6 22. Be3 Bg6 23. exf5 Bxf5 24. Nb5 h6 25. Rac1 Rxd1+ 26. Rxd1 Nb4 27. Nd4
Rd8 28. Nxf5 Rxd1+ 29. Bxd1 exf5 30. Bd4 Nec6 31. Bc3 Nd5 32. Bb3 Ne7 33. Kf1
Kf7 34. h4 g6 35. Bd2 h5 36. Bg5 Ke8 37. Ke2 Nc7 38. Ke3 Nc6 39. Bf4 Nb5 40. Bc4
Nbd4 41. Bg5 b5 42. Bd5 Nc2+ 43. Kd2 N2b4 44. Bb3 Na6 45. Be3 Ke7 46. Bd5 Nab4
47. Bc5+ Kf6 48. Bb3 Na6 49. Be3 Ke7 50. Bd5 Nab4 51. Bc5+ Kf6 52. Bb3 Na6 53.
Bd6 Na5 54. Bd5 Nc4+ 55. Bxc4 bxc4 56. Bf4 Ke6 57. Be3 f4 58. Bxa7 fxg3 59. fxg3
Nb4 60. Kc3 Nxa2+ 61. Kxc4 Nc1 62. b4 Kd7 63. Be3 Ne2 64. Bf4 Kc6 65. Kd3 Ng1
66. Ke3 Kb5 67. Bd6 Nh3 68. Be7 Kc6 69. Kf3 Kd7 70. Bf6 Ke6 71. Kg2 1-0

[Event "FIDE Grand Swiss 2019"]
[Site "Douglas"]
[Date "11.10.2019"]
[Round "2.34"]
[White "Ragger, Markus"]
[Black "Efimenko, Zahar"]
[Result "1/2-1/2"]
[WhiteTitle "GM"]
[BlackTitle "GM"]
[WhiteElo "2684"]
[BlackElo "2604"]
[WhiteFideId "1610856"]
[BlackFideId "14107201"]
[EventDate "2019.10.10"]

1. e4 e5 2. Nf3 Nc6 3. Bc4 Bc5 4. c3 Nf6 5. d3 d6 6. O-O h6 7. Re1 O-O 8. h3 a6
9. a4 Be6 10. Bxe6 fxe6 11. b4 Ba7 12. Nbd2 Nh5 13. Ra2 Nf4 14. Nf1 Qe8 15. Kh2
Qh5 16. Ng3 Qf7 17. Be3 Ne7 18. Bxa7 Rxa7 19. Re3 Raa8 20. Nf1 a5 21. b5 Nc8 22.
g3 Ng6 23. Ne1 Nb6 24. Rf3 Qe7 25. Nd2 Rxf3 26. Nexf3 Nd7 27. Qe2 Rf8 28. Kg2 b6
29. Qe3 Rf7 30. Ra1 Qf6 31. Nf1 Ngf8 32. N1h2 Qe7 33. Ng4 Nh7 34. d4 Nhf6 35.
dxe5 Nxg4 36. hxg4 Nxe5 37. Nxe5 1/2-1/2

[Event "FIDE Grand Swiss 2019"]
[Site "Douglas"]
[Date "11.10.2019"]
[Round "2.35"]
[White "Safarli, Eltaj"]
[Black "Rodshtein, Maxim"]
[Result "1-0"]
[WhiteTitle "GM"]
[BlackTitle "GM"]
[WhiteElo "2593"]
[BlackElo "2684"]
[WhiteFideId "13402129"]
[BlackFideId "2806851"]
[EventDate "2019.10.10"]

1. e4 c6 2. d4 d5 3. exd5 cxd5 4. Bd3 Nc6 5. c3 Qc7 6. Ne2 Bg4 7. O-O e6 8. Qe1
Be7 9. Bf4 Qd7 10. Ng3 Nf6 11. Bg5 Nh5 12. Nxh5 Bxh5 13. Bxe7 Qxe7 14. Nd2 Bg6
15. Qe3 Bxd3 16. Qxd3 O-O 17. f4 g6 18. Nf3 Rac8 19. Rae1 Qd6 20. Ng5 Kg7 21.
Qh3 Rh8 22. Qh6+ Kg8 23. f5 exf5 24. Rxf5 Rf8 25. Ne6 1-0

[Event "FIDE Grand Swiss 2019"]
[Site "Douglas"]
[Date "11.10.2019"]
[Round "2.36"]
[White "McShane, Luke J"]
[Black "Lu, Shanglei"]
[Result "1-0"]
[WhiteTitle "GM"]
[BlackTitle "GM"]
[WhiteElo "2682"]
[BlackElo "2602"]
[WhiteFideId "404853"]
[BlackFideId "8603332"]
[EventDate "2019.10.10"]

1. e4 c5 2. Nc3 Nc6 3. g3 g6 4. Bg2 Bg7 5. d3 e6 6. Be3 Nd4 7. Qd2 Qa5 8. Nh3 d6
9. O-O Ne7 10. f4 O-O 11. Nd5 Nec6 12. Ne7+ Kh8 13. Nxc8 Qxd2 14. Bxd2 Raxc8 15.
c3 Nb5 16. f5 Kg8 17. f6 Bh8 18. g4 Ne5 19. g5 Nxd3 20. Nf2 Nxf2 21. Rxf2 Rfd8
22. Bf4 Nc7 23. Rd1 e5 24. Be3 Ne8 25. Bf1 h6 26. h4 h5 27. Bc4 Kf8 28. Rfd2 Rc7
29. Kg2 a6 30. a4 Rc6 31. a5 Rb8 32. Kh3 b5 33. axb6 Rcxb6 34. b4 cxb4 35. Bxb6
Rxb6 36. cxb4 Rxb4 37. Bd5 Bxf6 38. Rf2 Ke7 39. Rdf1 1-0

[Event "FIDE Grand Swiss 2019"]
[Site "Douglas"]
[Date "11.10.2019"]
[Round "2.37"]
[White "Puranik, Abhimanyu"]
[Black "Korobov, Anton"]
[Result "0-1"]
[WhiteTitle "GM"]
[BlackTitle "GM"]
[WhiteElo "2571"]
[BlackElo "2679"]
[WhiteFideId "5061245"]
[BlackFideId "14105730"]
[EventDate "2019.10.10"]

1. Nf3 Nf6 2. g3 g6 3. Bg2 Bg7 4. O-O O-O 5. d4 d6 6. c4 Nc6 7. Nc3 a6 8. h3 Bf5
9. d5 Na5 10. Nd4 Bd7 11. Qd3 c5 12. dxc6 Nxc6 13. Nxc6 Bxc6 14. e4 Nd7 15. Bg5
b5 16. cxb5 axb5 17. Qd2 b4 18. Nd5 Bxd5 19. exd5 Qb6 20. Rfe1 Rfc8 21. Be3 Qb5
22. Bd4 Bxd4 23. Qxd4 Ne5 24. f4 Qd3 25. Qe4 Qxe4 26. Rxe4 Nd3 27. Bf1 Nxb2 28.
Rxb4 Na4 29. Rb7 Kf8 30. Re1 Nc5 31. Rbxe7 Rxa2 32. Bb5 Ne6 33. dxe6 Kxe7 34.
exf7+ Kf6 35. Bc6 Rb8 36. Bb7 Rf8 37. Bd5 Rd2 38. Re8 Kg7 39. Be6 Rb2 40. Bd5
Rb5 41. Bc4 Rc5 42. Be6 Ra5 43. g4 Ra8 44. Rxf8 Kxf8 45. Kf2 Ke7 46. f5 g5 47.
h4 gxh4 48. g5 Ra3 0-1

[Event "FIDE Grand Swiss 2019"]
[Site "Douglas"]
[Date "11.10.2019"]
[Round "2.38"]
[White "Ponomariov, Ruslan"]
[Black "Yilmaz, Mustafa"]
[Result "1/2-1/2"]
[WhiteTitle "GM"]
[BlackTitle "GM"]
[WhiteElo "2675"]
[BlackElo "2595"]
[WhiteFideId "14103320"]
[BlackFideId "6302718"]
[EventDate "2019.10.10"]

1. d4 Nf6 2. c4 e6 3. Nc3 Bb4 4. e3 O-O 5. Bd2 d5 6. Nf3 b6 7. cxd5 exd5 8. Rc1
Bb7 9. Bd3 Be7 10. O-O c5 11. Ne5 Nc6 12. Be1 a6 13. f4 cxd4 14. Nxc6 Bxc6 15.
Ne2 Bd7 16. Nxd4 Re8 17. Qf3 Ne4 18. Bxe4 dxe4 19. Qh5 Rc8 20. Bc3 Rc5 21. Qe2
Qc8 22. Qd2 a5 23. h3 Qb7 24. b4 axb4 25. Bxb4 Rxc1 26. Rxc1 Bf6 27. Bc3 Be7 28.
Bb4 Bf6 29. Bc3 Be7 30. Bb4 Bf6 1/2-1/2

[Event "FIDE Grand Swiss 2019"]
[Site "Douglas"]
[Date "11.10.2019"]
[Round "2.39"]
[White "Bjerre, Jonas Buhl"]
[Black "Sasikiran, Krishnan"]
[Result "1/2-1/2"]
[WhiteTitle "IM"]
[BlackTitle "GM"]
[WhiteElo "2506"]
[BlackElo "2675"]
[WhiteFideId "1444948"]
[BlackFideId "5004985"]
[EventDate "2019.10.10"]

1. e4 e5 2. Nf3 Nc6 3. Bb5 a6 4. Ba4 Nf6 5. O-O Be7 6. Re1 b5 7. Bb3 O-O 8. a4
b4 9. d4 d6 10. dxe5 dxe5 11. Nbd2 Bc5 12. h3 Bb7 13. a5 Qe7 14. Qe2 Nb8 15. Ba4
Nbd7 16. Qc4 Bd6 17. Nb3 Qe6 18. Qxe6 fxe6 19. Nfd2 Nc5 20. Nxc5 Bxc5 21. Nb3
Nxe4 22. Nxc5 Nxc5 23. Rxe5 Rf5 24. Rxf5 exf5 25. Be3 Nxa4 26. Rxa4 b3 27. cxb3
Bd5 28. Rd4 Rd8 29. Bf4 Rd7 30. Bxc7 Bc6 1/2-1/2

[Event "FIDE Grand Swiss 2019"]
[Site "Douglas"]
[Date "11.10.2019"]
[Round "2.41"]
[White "Bacrot, Etienne"]
[Black "Christiansen, Johan-Sebastian"]
[Result "1/2-1/2"]
[WhiteTitle "GM"]
[BlackTitle "GM"]
[WhiteElo "2671"]
[BlackElo "2558"]
[WhiteFideId "605506"]
[BlackFideId "1512668"]
[EventDate "2019.10.10"]

1. e4 e6 2. d4 d5 3. exd5 exd5 4. Nf3 Nf6 5. Bd3 Bd6 6. Qe2+ Be6 7. Ng5 Qe7 8.
Nxe6 fxe6 9. c3 O-O 10. O-O e5 11. dxe5 Bxe5 12. Nd2 Nbd7 13. Nf3 Rae8 14. Qd1
Bd6 15. Re1 Qf7 16. Rxe8 Qxe8 17. h3 Ne5 18. Be3 Nxd3 19. Qxd3 a6 20. Rd1 Qb5
21. Qc2 Re8 22. a4 Qc4 23. Nd4 Ne4 24. Nf5 Be5 25. Bd4 Qc6 26. Qb3 Nf6 27. Bxe5
Rxe5 28. Nd4 Qb6 29. Qxb6 cxb6 30. Kf1 Kf7 31. f3 g6 32. Re1 Rxe1+ 33. Kxe1 Nh5
34. Kf2 Nf4 35. b3 g5 36. Ne2 Nd3+ 37. Ke3 Nc5 38. Nd4 Kf6 39. g3 Ke5 40. Ke2
Kf6 41. Ke3 Ke5 42. Ke2 Kf6 43. Kd2 Ke5 44. Ke3 Kf6 45. Ke2 1/2-1/2

[Event "FIDE Grand Swiss 2019"]
[Site "Douglas"]
[Date "11.10.2019"]
[Round "2.42"]
[White "Leko, Peter"]
[Black "Boruchovsky, Avital"]
[Result "1/2-1/2"]
[WhiteTitle "GM"]
[BlackTitle "GM"]
[WhiteElo "2670"]
[BlackElo "2533"]
[WhiteFideId "703303"]
[BlackFideId "2800055"]
[EventDate "2019.10.10"]

1. c4 e6 2. Nc3 b6 3. Nf3 Bb7 4. e3 Nf6 5. b3 Be7 6. Bb2 d5 7. cxd5 exd5 8. Ne2
O-O 9. g3 c5 10. Bg2 Nc6 11. O-O b5 12. Nf4 Qd6 13. Rc1 g6 14. Qc2 Rfd8 15. Rfe1
a5 16. Qb1 a4 17. bxa4 b4 18. d3 Rxa4 19. e4 dxe4 20. dxe4 Qb8 21. Bxf6 Bxf6 22.
Nd5 Bg7 23. Rxc5 Qa7 24. Rc2 Ra8 25. Nc7 Rd8 26. e5 Ne7 27. Qb3 h6 28. Nh4 Bxg2
29. Nxg2 Qa5 30. Ne3 Ra3 31. Nc4 Rxb3 32. Nxa5 Rc3 33. Rxc3 bxc3 34. Nb3 c2 35.
f4 Nc6 36. Kf1 Rd1 37. Nb5 Nb4 38. Ke2 Rb1 39. Nc3 Nxa2 40. Nxa2 Rxb3 41. Nc1
Rb6 42. Kd3 f6 43. Kxc2 fxe5 44. fxe5 Kf7 45. Nd3 g5 46. Kc3 Rc6+ 47. Kd4 Rc2
48. h3 h5 49. g4 hxg4 50. hxg4 Rg2 51. Re4 Ke6 52. Nc5+ Ke7 53. Kd5 Rd2+ 54. Rd4
Re2 55. Ne4 Re1 56. Rd3 Ra1 57. Nc5 Rg1 58. Rd4 Re1 59. Re4 Rd1+ 60. Kc6 Rd2 61.
Nb3 Rd8 62. Nd4 Bh8 63. Nf3 Rg8 64. Kd5 Rd8+ 65. Kc4 Rg8 66. Kd4 Ra8 67. Kc5
Rc8+ 68. Kd5 Rd8+ 69. Kc4 Rg8 70. Kd3 Ke6 71. Ke3 Re8 72. Nxg5+ Kd5 73. Rd4+ Kc5
74. Rd1 Bxe5 75. Ne4+ Kc6 76. g5 Rf8 77. g6 Rg8 78. Rg1 Kd5 79. Rg2 Ke6 1/2-1/2

[Event "FIDE Grand Swiss 2019"]
[Site "Douglas"]
[Date "11.10.2019"]
[Round "2.43"]
[White "Harika, Dronavalli"]
[Black "Robson, Ray"]
[Result "1/2-1/2"]
[WhiteTitle "GM"]
[BlackTitle "GM"]
[WhiteElo "2495"]
[BlackElo "2670"]
[WhiteFideId "5015197"]
[BlackFideId "2023970"]
[EventDate "2019.10.10"]

1. e4 c5 2. Nf3 d6 3. d4 cxd4 4. Nxd4 Nf6 5. Nc3 a6 6. Be2 e5 7. Nf3 Be7 8. Bg5
O-O 9. O-O Be6 10. Bxf6 Bxf6 11. Nd5 Nd7 12. Bc4 Rc8 13. Qe2 b5 14. Bb3 Nb6 15.
Rfd1 Nxd5 16. Bxd5 Qb6 17. c3 a5 18. a3 Rc5 19. Qe3 Qc7 20. Bxe6 fxe6 21. Rd3 d5
22. Rad1 Rc4 23. exd5 e4 24. b3 exd3 25. bxc4 Qxc4 26. dxe6 Re8 27. Qxd3 Qxd3
28. Rxd3 Rxe6 29. Kf1 Rc6 30. Nd4 Rd6 31. Ke2 b4 32. axb4 axb4 33. Nc2 Re6+ 34.
Re3 Rxe3+ 35. Nxe3 Bxc3 36. Nd5 Be5 37. Nxb4 Bxh2 38. g3 h5 39. Kf3 h4 40. gxh4
Kh7 41. Kg4 Bc7 42. Nd5 Bd8 43. f4 g6 44. Nc3 Kg7 45. Ne4 Be7 46. Ng5 Kh6 47.
Ne6 Kh7 48. Ng5+ Kh6 49. Ne6 1/2-1/2

[Event "FIDE Grand Swiss 2019"]
[Site "Douglas"]
[Date "11.10.2019"]
[Round "2.44"]
[White "Kryvoruchko, Yuriy"]
[Black "Gukesh, D"]
[Result "1/2-1/2"]
[WhiteTitle "GM"]
[BlackTitle "GM"]
[WhiteElo "2669"]
[BlackElo "2520"]
[WhiteFideId "14109182"]
[BlackFideId "46616543"]
[EventDate "2019.10.10"]

1. e4 c5 2. Nc3 Nc6 3. Bb5 Nd4 4. Nf3 a6 5. Bd3 e6 6. O-O Ne7 7. Nxd4 cxd4 8.
Ne2 d5 9. exd5 Nxd5 10. c3 dxc3 11. dxc3 Bd6 12. c4 Nf6 13. Ng3 Bd7 14. Qe2 Qc7
15. Bg5 O-O-O 16. b4 Bxb4 17. Rab1 Be7 18. Be3 Bc5 19. Bxc5 Qxc5 20. Ne4 Nxe4
21. Bxe4 Bc6 22. Bxc6 Qxc6 23. Qe3 Rd7 24. c5 Rc7 25. Rfc1 Rd8 26. h3 Rd5 27.
Rb6 Qa4 28. Rbb1 Qxa2 29. c6 bxc6 30. Ra1 Qd2 31. Qb6 Kd7 32. Qxa6 Rd6 33. Qb6
c5 34. Qb8 Rc8 35. Ra7+ Kd8 36. Qb1 Rc7 37. Qb8+ Rc8 38. Qb1 Rc7 39. Qb8+ 1/2-1/2

[Event "FIDE Grand Swiss 2019"]
[Site "Douglas"]
[Date "11.10.2019"]
[Round "2.45"]
[White "Movsziszian, Karen"]
[Black "Berkes, Ferenc"]
[Result "1/2-1/2"]
[WhiteTitle "GM"]
[BlackTitle "GM"]
[WhiteElo "2475"]
[BlackElo "2667"]
[WhiteFideId "13301152"]
[BlackFideId "718572"]
[EventDate "2019.10.10"]

1. g3 d5 2. Nf3 Nf6 3. Bg2 g6 4. b3 Bg7 5. Bb2 O-O 6. O-O c5 7. c4 Nc6 8. cxd5
Nxd5 9. Bxg7 Kxg7 10. d4 cxd4 11. Nxd4 Nxd4 12. Qxd4+ Nf6 13. Qxd8 Rxd8 14. Nc3
Rb8 15. Rfd1 Rxd1+ 16. Rxd1 Be6 17. Ne4 b6 18. Nxf6 Kxf6 19. f4 Rc8 20. Rd2 h5
21. Kf2 Rc1 22. Be4 a5 23. Rc2 Ra1 24. Bd3 a4 25. bxa4 Rxa2 26. Rc6 Rxa4 27.
Rxb6 h4 28. Kf3 hxg3 29. hxg3 Kg7 30. Ra6 Bd5+ 31. Ke3 Rb4 1/2-1/2

[Event "FIDE Grand Swiss 2019"]
[Site "Douglas"]
[Date "11.10.2019"]
[Round "2.46"]
[White "Saric, Ivan"]
[Black "Keymer, Vincent"]
[Result "1/2-1/2"]
[WhiteTitle "GM"]
[BlackTitle "IM"]
[WhiteElo "2667"]
[BlackElo "2506"]
[WhiteFideId "14508150"]
[BlackFideId "12940690"]
[EventDate "2019.10.10"]

1. e4 c5 2. Nf3 d6 3. d4 cxd4 4. Nxd4 Nf6 5. Nc3 a6 6. h3 e6 7. g4 Nfd7 8. Bg2
Be7 9. g5 O-O 10. h4 Nc6 11. b3 Qb6 12. Nxc6 bxc6 13. Na4 Qc7 14. Bb2 e5 15. Qd2
Nb6 16. Nxb6 Qxb6 17. O-O-O f6 18. g6 hxg6 19. f4 Bg4 20. Bh3 Bxh3 21. Rxh3 exf4
22. Qxf4 Qa5 23. Rg3 Qh5 24. Rdg1 Kh7 25. Kb1 Rfe8 26. Qf1 d5 27. Rxg6 Qxg6 28.
Rxg6 Kxg6 29. Qf5+ Kf7 30. e5 g6 31. Qd7 fxe5 32. Bxe5 Rad8 33. Qb7 Rc8 34. Bd6
Rcd8 35. Bc7 Rc8 36. c3 Rh8 37. Be5 Rhf8 38. Bd6 Rce8 39. Bg3 Kg8 40. Qxc6 Bf6
41. Qxd5+ Kg7 42. h5 gxh5 43. Qxh5 Re4 44. c4 Rd8 45. Qf5 Rd1+ 46. Kc2 Rdd4 47.
Qh5 Re3 48. Qh2 Rde4 49. Bf2 Re2+ 50. Kd1 Bg5 51. Qc7+ Re7 52. Qg3 Rd2+ 53. Kc1
Kg6 54. Qxg5+ Kxg5 55. Kxd2 Kf5 56. Bc5 Rc7 57. Bb6 Rb7 58. c5 Rg7 59. Kc3 Rg4
60. b4 Ke6 61. c6 Kd6 1/2-1/2

[Event "FIDE Grand Swiss 2019"]
[Site "Douglas"]
[Date "11.10.2019"]
[Round "2.47"]
[White "Maghsoodloo, Parham"]
[Black "Henderson de La Fuente, Lance"]
[Result "1-0"]
[WhiteTitle "GM"]
[BlackTitle "IM"]
[WhiteElo "2664"]
[BlackElo "2494"]
[WhiteFideId "12539929"]
[BlackFideId "32096585"]
[EventDate "2019.10.10"]

1. Nf3 Nf6 2. c4 e6 3. Nc3 d5 4. d4 c6 5. Qd3 Nbd7 6. g3 Be7 7. Bg2 O-O 8. O-O
b6 9. e4 dxe4 10. Nxe4 Nxe4 11. Qxe4 Bb7 12. Rd1 Nf6 13. Qc2 Qc7 14. Bf4 Bd6 15.
Bg5 Be7 16. Bf4 Bd6 17. Bxd6 Qxd6 18. c5 Qc7 19. Ne5 Nd5 20. a4 bxc5 21. Qxc5 a5
22. Bxd5 exd5 23. Rac1 Rfc8 24. b4 axb4 25. Qxb4 Rcb8 26. Qa3 f6 27. Nd3 Bc8 28.
Re1 Bf5 29. Nc5 Qa5 30. Qf3 Bg6 31. h4 Re8 32. Rxe8+ Rxe8 33. h5 Re1+ 34. Rxe1
Qxe1+ 35. Kg2 Be4 36. Nxe4 dxe4 37. Qb3+ Kf8 38. Qa3+ Kf7 39. Qa2+ Ke7 40. a5
Qb4 41. a6 Qb8 42. a7 Qa8 43. g4 c5 44. dxc5 e3+ 45. f3 h6 46. Qa6 Kf7 47. c6 e2
48. Kf2 1-0

[Event "FIDE Grand Swiss 2019"]
[Site "Douglas"]
[Date "11.10.2019"]
[Round "2.48"]
[White "Eljanov, Pavel"]
[Black "Paehtz, Elisabeth"]
[Result "1-0"]
[WhiteTitle "GM"]
[BlackTitle "IM"]
[WhiteElo "2663"]
[BlackElo "2489"]
[WhiteFideId "14102951"]
[BlackFideId "4641833"]
[EventDate "2019.10.10"]

1. d4 e6 2. c4 Bb4+ 3. Bd2 a5 4. Nf3 Nf6 5. g3 d5 6. Qc2 Nc6 7. a3 Be7 8. Bg2
dxc4 9. Qxc4 Qd5 10. Qxd5 exd5 11. Bf4 Bg4 12. e3 Rc8 13. Nc3 Nd8 14. h3 Bxf3
15. Bxf3 c6 16. Rc1 Ra8 17. g4 Ne6 18. Be5 Nd7 19. Bg3 Nb6 20. Be2 Kd7 21. f4
Bd6 22. Kf2 Rae8 23. Bd3 h5 24. Kf3 g6 25. Bf2 Bc7 26. Nb1 Nc8 27. Nd2 Nd6 28.
Kg2 f5 29. Nf3 Ne4 30. Bxe4 dxe4 31. Ne5+ Bxe5 32. dxe5 Kc7 33. Bh4 Rh7 34. Bf6
Rd7 35. Rhd1 Rxd1 36. Rxd1 Nc5 37. Rd6 b5 38. gxh5 gxh5 39. Kg3 Nd3 40. b3 Nc5
41. Kh4 Nxb3 42. Kxh5 Rg8 43. Kh6 Nc5 44. h4 b4 45. axb4 axb4 46. Kh7 Rb8 47.
Rd1 Nd3 48. Kg6 c5 49. h5 c4 50. h6 c3 51. e6 c2 52. Rh1 Kd6 53. Kf7 b3 54. h7
b2 55. Bxb2 Nxb2 56. e7 Nd1 57. h8=Q Rxh8 58. Rxh8 c1=Q 59. Rd8+ Kc7 60. e8=Q
Qc4+ 61. Kg7 1-0

[Event "FIDE Grand Swiss 2019"]
[Site "Douglas"]
[Date "11.10.2019"]
[Round "2.49"]
[White "Atalik, Ekaterina"]
[Black "Kovalev, Vladislav"]
[Result "1/2-1/2"]
[WhiteTitle "IM"]
[BlackTitle "GM"]
[WhiteElo "2464"]
[BlackElo "2661"]
[WhiteFideId "4130189"]
[BlackFideId "13504398"]
[EventDate "2019.10.10"]

1. d4 Nf6 2. Nf3 e6 3. c4 d5 4. Nc3 Be7 5. Bf4 O-O 6. e3 b6 7. a3 c5 8. cxd5
Nxd5 9. Nxd5 exd5 10. dxc5 bxc5 11. Rc1 Be6 12. Be2 Qa5+ 13. Kf1 Nd7 14. h4 Rfc8
15. Ng5 Nf8 16. Be5 Qb6 17. Nxe6 fxe6 18. Qd2 Nd7 19. Bc3 a5 20. Rd1 Bf6 21. h5
Rf8 22. h6 g6 23. Rh3 Rab8 24. Rf3 a4 25. Bxf6 Rxf6 26. e4 Rxf3 27. gxf3 d4 28.
Qg5 Qd8 29. Qg4 Qf6 30. Bc4 Kf7 31. f4 Rxb2 32. f5 Ne5 33. Bxe6+ Kf8 34. Qg3 g5
35. Kg2 Ke7 36. Rh1 g4 37. Rh4 Ke8 38. Rxg4 Nxg4 39. Qxg4 Qxh6 40. Qg8+ Ke7 41.
e5 Rxf2+ 42. Kxf2 Qe3+ 43. Kg2 Qe4+ 44. Kg1 Qe1+ 45. Kg2 Qe4+ 46. Kg1 1/2-1/2

[Event "FIDE Grand Swiss 2019"]
[Site "Douglas"]
[Date "11.10.2019"]
[Round "2.50"]
[White "Ganguly, Surya Shekhar"]
[Black "Saduakassova, Dinara"]
[Result "1-0"]
[WhiteTitle "GM"]
[BlackTitle "IM"]
[WhiteElo "2658"]
[BlackElo "2481"]
[WhiteFideId "5002150"]
[BlackFideId "13700090"]
[EventDate "2019.10.10"]

1. c4 Nf6 2. Nf3 e6 3. g3 d5 4. Bg2 dxc4 5. Qa4+ Nbd7 6. Qxc4 c5 7. Qb3 Rb8 8.
O-O b6 9. d3 Bd6 10. Na3 a6 11. Nc4 Bc7 12. d4 O-O 13. Rd1 Qe7 14. Nfe5 Nxe5 15.
dxe5 Nd5 16. Nd6 Rd8 17. h4 h6 18. e4 Nb4 19. Bf4 Nc6 20. Qe3 Qf8 21. Qc3 Bb7
22. Rd2 Qe7 23. Rad1 a5 24. Qf3 Bxd6 25. exd6 Qf6 26. d7 e5 27. Rd6 Qe7 28. Bxh6
Nd4 29. Qg4 f6 30. Bh3 Kh8 31. Qg6 gxh6 32. R1xd4 cxd4 33. Qxh6+ Qh7 34. Qxf6+
Qg7 35. Qf5 d3 36. Qh5+ Kg8 37. Rg6 1-0

[Event "FIDE Grand Swiss 2019"]
[Site "Douglas"]
[Date "11.10.2019"]
[Round "2.51"]
[White "Kasimdzhanov, Rustam"]
[Black "Lei, Tingjie"]
[Result "1-0"]
[WhiteTitle "GM"]
[BlackTitle "GM"]
[WhiteElo "2657"]
[BlackElo "2469"]
[WhiteFideId "14200244"]
[BlackFideId "8605114"]
[EventDate "2019.10.10"]

1. e4 e5 2. Nf3 Nf6 3. Nxe5 d6 4. Nf3 Nxe4 5. d4 d5 6. Bd3 Bd6 7. O-O O-O 8. c4
c6 9. Nc3 Nxc3 10. bxc3 dxc4 11. Bxc4 Bf5 12. Bg5 Qa5 13. d5 Qc7 14. Re1 h6 15.
Bh4 Bg6 16. Bd3 Bh5 17. h3 c5 18. g4 Bg6 19. g5 h5 20. Bxg6 fxg6 21. Re6 Kh7 22.
Qd3 Rf5 23. Rxg6 Kxg6 24. Re1 Bh2+ 25. Nxh2 Qf4 26. Bg3 c4 27. Qc2 1-0

[Event "FIDE Grand Swiss 2019"]
[Site "Douglas"]
[Date "11.10.2019"]
[Round "2.52"]
[White "Munguntuul, Batkhuyag"]
[Black "Movsesian, Sergei"]
[Result "1-0"]
[WhiteTitle "IM"]
[BlackTitle "GM"]
[WhiteElo "2421"]
[BlackElo "2654"]
[WhiteFideId "4900758"]
[BlackFideId "310204"]
[EventDate "2019.10.10"]

1. e4 c5 2. Nf3 Nc6 3. d4 cxd4 4. Nxd4 Qb6 5. Nb3 Nf6 6. Nc3 e6 7. Be3 Qc7 8. f4
Bb4 9. Bd3 Bxc3+ 10. bxc3 e5 11. O-O d6 12. f5 h6 13. c4 b6 14. a4 Bb7 15. Qe1
Nb8 16. Bf2 Nbd7 17. a5 O-O 18. Bh4 Ba6 19. Qe2 Rfc8 20. axb6 axb6 21. Nd2 Bb7
22. Rxa8 Rxa8 23. Nb1 Bc6 24. Nc3 Ra3 25. Nb1 Ra1 26. Nc3 Qa7 27. Rxa1 Qxa1+ 28.
Qe1 Qa3 29. h3 Kf8 30. Kh2 Ne8 31. Bf2 Nc5 32. Bh4 Nf6 33. Bxf6 gxf6 34. Kg1 Qb2
35. Qd2 Ke7 36. Kh2 Qa1 37. Kg3 Qa5 38. Kf3 Ke8 39. Ke2 Qa1 40. Qe1 Qb2 41. Qd2
Ke7 42. Ke3 Qa1 43. Kf2 Ke8 44. Kg3 Qb2 45. Kf2 h5 46. Ke2 h4 47. Qe1 Kd7 48.
Ke3 Ke7 49. Ne2 Qa3 50. Nc3 Qa5 51. Ke2 Kd7 52. Kf2 Qa8 53. Kg1 Ke7 54. Kf1 Qa3
55. Ke2 Qb2 56. Ke3 Bb7 57. Ke2 Ba8 58. Ke3 Bc6 59. Ne2 Qa3 60. Nc3 Nb7 61. Kf3
Qa5 62. Ke2 Kd7 63. Nd1 Ke7 64. Qxh4 Nc5 65. Nf2 Qa8 66. Kf3 Qa1 67. Qh6 Qc3 68.
Qe3 Ba4 69. Nd1 Qa1 70. Ke2 Bc6 71. g4 Qa8 72. Nf2 Qa1 73. g5 Na4 74. gxf6+ Kxf6
75. Qh6+ Ke7 76. f6+ Ke6 77. Qg5 Nc3+ 78. Kf3 Kd7 79. Qg8 Kc7 80. Qxf7+ Bd7 81.
Qg7 Nd1 82. f7 Nxf2 83. Kxf2 1-0